Joseph, trajectory of faith. (Record no. 13075)

000 -LEADER
fixed length control field 00687nam a2200205 a 4500
001 - CONTROL NUMBER
control field :::00010893$&:&@@
003 - CONTROL NUMBER IDENTIFIER
control field OkBaRHE
005 - DATE AND TIME OF LATEST TRANSACTION
control field 20000607103403.0
008 - FIXED-LENGTH DATA ELEMENTS--GENERAL INFORMATION
fixed length control field s1985 j 000 0 eng u
040 ## - CATALOGING SOURCE
Transcribing agency
100 1# - MAIN ENTRY--PERSONAL NAME
Personal name Sumrall, Lester.
245 10 - TITLE STATEMENT
Title Joseph, trajectory of faith.
260 ## - PUBLICATION, DISTRIBUTION, ETC. (IMPRINT)
Place of publication, distribution, etc South Bend, IN., :
Name of publisher, distributor, etc LeSEA Publishing Co.
Date of publication, distribution, etc 1985
300 ## - PHYSICAL DESCRIPTION
Extent 61 p. ;
Dimensions 18 cm.
650 ## - SUBJECT ADDED ENTRY--TOPICAL TERM
Topical term or geographic name as entry element Christian Life
650 ## - SUBJECT ADDED ENTRY--TOPICAL TERM
Topical term or geographic name as entry element Joseph, the patriarch
942 ## - ADDED ENTRY ELEMENTS (KOHA)
Source of classification or shelving scheme
Koha item type Books
Copies
Date last seen Barcode Withdrawn status Shelving location Lost status Permanent Location Date acquired Copy number Source of classification or shelving scheme Full call number Current Location Koha item type Price effective from Damaged status Not for loan
2010-04-1410893 General Stacks RHEMA Bible Training College2010-04-141 BV 4501.2 .S89 Books2010-04-14  
2011-11-1615028 General Stacks RHEMA Bible Training College2010-04-142 BV 4501.2 .S89RHEMA Bible Training CollegeBooks2010-04-14